[Event "Bucharest MI Festival"]
[Site "Bucharest"]
[Date "1999.03.20"]
[Round "1"]
[White "Grigore, Nicolae Petre"]
[Black "Covlea, Vlad"]
[Result "0-1"]
[WhiteElo "2285"]
[BlackElo "2293"]
[PlyCount "82"]
[EventDate "1999.03.20"]
[EventType "tourn"]
[EventRounds "11"]
[EventCountry "ROU"]
[EventCategory "2"]
[SourceTitle "CBM 069 Extra"]
[Source "ChessBase"]
[SourceDate "1999.05.10"]
[SourceVersion "1"]
[SourceVersionDate "1999.05.10"]
[SourceQuality "1"]

1. e4 d6 2. d4 Nf6 3. Nc3 c6 4. Nf3 Bg4 5. Be2 Nbd7 6. 0-0 e5 7. Be3 Be7 8. h3 Bh5 9. Nd2 Bxe2 10. Qxe2 0-0 11. Rfd1 b5 12. a4 b4 13. Na2 d5 14. dxe5 Nxe5 15. f4 Ng6 16. e5 Nd7 17. Nf3 Qa5 18. Nc1 Bc5 19. Nd3 Ne7 20. Nxc5 Nxc5 21. Nd4 Ne4 22. Nb3 Qc7 23. Nc5 Nxc5 24. Bxc5 a5 25. Qg4 Rfe8 26. f5 Qxe5 27. Re1 Qf6 28. Bd4 Qh6 29. f6 Ng6 30. Rxe8+ Rxe8 31. Qd7 Rb8 32. Rf1 Qd2 33. Ba7 Rf8 34. fxg7 Kxg7 35. Bc5 Rh8 36. Qxf7+ Kh6 37. Qf3 d4 38. Rf2 Qe1+ 39. Kh2 Qe5+ 40. Kh1 Qxc5 41. Qg4 Rf8 0-1

[Event "Miercurea Ciuc op"]
[Site "Miercurea Ciuc"]
[Date "1998.??.??"]
[Round "2"]
[White "Ardeleanu, Alin"]
[Black "Covlea, Vlad"]
[Result "0-1"]
[WhiteElo "2420"]
[BlackElo "2225"]
[PlyCount "108"]
[EventDate "1998.08.??"]
[EventType "swiss"]
[EventRounds "9"]
[EventCountry "ROU"]
[SourceTitle "EXT 2000"]
[Source "ChessBase"]
[SourceDate "1999.11.16"]
[SourceVersion "1"]
[SourceVersionDate "1999.11.16"]
[SourceQuality "1"]

1. e4 d6 2. d4 Nf6 3. Nc3 c6 4. f4 Qa5 5. Bd3 e5 6. Nf3 Nbd7 7. a3 Be7 8. Bd2 Qb6 9. Be3 Ng4 10. Bg1 exf4 11. Qd2 Qxb2 12. Ra2 Qb6 13. Qxf4 Qa5 14. Qd2 Nb6 15. h3 Nf6 16. Bh2 Be6 17. Ra1 Nc4 18. Bxc4 Bxc4 19. e5 dxe5 20. Nxe5 Ba6 21. Rb1 Rd8 22. Nf3 0-0 23. Be5 Rfe8 24. Rb3 Bxa3 25. Nb5 Qxd2+ 26. Kxd2 Ne4+ 27. Ke3 Bxb5 28. Rxa3 Ng3 29. Re1 f6 30. Kf2 Nf5 31. g4 fxe5 32. gxf5 exd4 33. Rxe8+ Rxe8 34. Rxa7 d3 35. cxd3 Bxd3 36. f6 Ba6 37. fxg7 Kxg7 38. Nd4 c5 39. Nb3 Rc8 40. Na5 Rc7 41. Ke3 c4 42. Kd2 Kf6 43. Kc3 Kg5 44. Ra8 Kh4 45. Rf8 Kxh3 46. Rf1 h5 47. Rh1+ Kg4 48. Rg1+ Kf4 49. Rf1+ Kg3 50. Rg1+ Kh2 51. Rg5 h4 52. Rg6 h3 53. Kd4 Rd7+ 54. Kc3 Kh1 0-1

[Event "Bucharest Fest IM"]
[Site "Bucharest"]
[Date "1998.??.??"]
[Round "?"]
[White "Burnoiu, Nicolae Costel"]
[Black "Covlea, Vlad"]
[Result "0-1"]
[WhiteElo "2230"]
[BlackElo "2250"]
[PlyCount "84"]
[EventDate "1998.10.??"]
[EventType "tourn"]
[EventRounds "14"]
[EventCountry "ROU"]
[EventCategory "3"]
[SourceTitle "EXT 2000"]
[Source "ChessBase"]
[SourceDate "1999.11.16"]
[SourceVersion "1"]
[SourceVersionDate "1999.11.16"]
[SourceQuality "1"]

1. e4 d6 2. d4 Nf6 3. Nc3 c6 4. a4 Qa5 5. Qd3 Na6 6. Nge2 Nb4 7. Qd2 Nxe4 8. Nxe4 Nxc2+ 9. Kd1 Qxd2+ 10. Bxd2 Nxa1 11. Bc3 Nb3 12. Kc2 Bf5 13. N2g3 Be6 14. Nh5 b6 15. Ba6 Rb8 16. Re1 Na5 17. b4 Nb7 18. b5 c5 19. d5 Bf5 20. Bxg7 Bxe4+ 21. Rxe4 Bxg7 22. Nxg7+ Kd7 23. Bxb7 Rxb7 24. Rf4 f6 25. Ne6 Rbb8 26. Kb3 Ra8 27. h4 Rhg8 28. g4 h6 29. f3 a6 30. bxa6 Rxa6 31. Re4 Rb8 32. Ng7 b5 33. Nf5 bxa4+ 34. Ka2 a3 35. Rxe7+ Kd8 36. Re2 Rab6 37. Nxh6 Rb2+ 38. Rxb2 axb2 39. Kb1 c4 40. Nf5 c3 41. Nd4 Ra8 42. Nb3 Ra3 0-1

[Event "Miercurea Ciuc op"]
[Site "Miercurea Ciuc"]
[Date "1998.??.??"]
[Round "5"]
[White "Covlea, Vlad"]
[Black "Bromberger, Stefan"]
[Result "1-0"]
[WhiteElo "2225"]
[BlackElo "2320"]
[PlyCount "45"]
[EventDate "1998.08.??"]
[EventType "swiss"]
[EventRounds "9"]
[EventCountry "ROU"]
[SourceTitle "EXT 2000"]
[Source "ChessBase"]
[SourceDate "1999.11.16"]
[SourceVersion "1"]
[SourceVersionDate "1999.11.16"]
[SourceQuality "1"]

1. d4 d5 2. Bg5 Bf5 3. e3 h6 4. Bh4 g5 5. Bg3 Nc6 6. c3 e6 7. Qb3 Nge7 8. Nd2 Bg7 9. Qxb7 e5 10. Ngf3 Rb8 11. Qa6 e4 12. Ne5 Nxe5 13. Bxe5 Bxe5 14. dxe5 Rxb2 15. Nb3 Ng6 16. Bb5+ Bd7 17. 0-0-0 Rxf2 18. Rxd5 0-0 19. Rxd7 Qb8 20. e6 Ne5 21. e7 Re8 22. Rd2 Rxd2 23. Bxe8 1-0

[Event "Bucharest Cup IM"]
[Site "Bucharest"]
[Date "1998.??.??"]
[Round "?"]
[White "Covlea, Vlad"]
[Black "Gavela, Dragan"]
[Result "0-1"]
[WhiteElo "2250"]
[BlackElo "2300"]
[PlyCount "50"]
[EventDate "1998.12.??"]
[EventType "tourn"]
[EventRounds "14"]
[EventCountry "ROU"]
[EventCategory "3"]
[SourceTitle "EXT 2000"]
[Source "ChessBase"]
[SourceDate "1999.11.16"]
[SourceVersion "1"]
[SourceVersionDate "1999.11.16"]
[SourceQuality "1"]

1. d4 c5 2. d5 d6 3. e4 Nf6 4. Nc3 g6 5. Be2 Bg7 6. h4 h5 7. Nh3 Na6 8. Ng5 Nc7 9. Bf4 Nd7 10. 0-0 0-0 11. Bg3 Rb8 12. f4 b5 13. e5 dxe5 14. f5 gxf5 15. Rxf5 Nf6 16. Rxe5 Rb6 17. Bf3 Ng4 18. Qd3 f5 19. Re2 b4 20. Bxg4 hxg4 21. Na4 Ba6 22. Bxc7 Qxc7 23. Qd2 Bd4+ 24. Kh1 Bxe2 25. Nxb6 Qg3 0-1

[Event "Bucharest Fest IM"]
[Site "Bucharest"]
[Date "1998.??.??"]
[Round "?"]
[White "Covlea, Vlad"]
[Black "Glodeanu, Ion"]
[Result "0-1"]
[WhiteElo "2250"]
[BlackElo "2355"]
[PlyCount "80"]
[EventDate "1998.10.??"]
[EventType "tourn"]
[EventRounds "14"]
[EventCountry "ROU"]
[EventCategory "3"]
[SourceTitle "EXT 2000"]
[Source "ChessBase"]
[SourceDate "1999.11.16"]
[SourceVersion "1"]
[SourceVersionDate "1999.11.16"]
[SourceQuality "1"]

1. d4 d5 2. Bg5 Nf6 3. e3 e6 4. Nd2 Nbd7 5. Ngf3 Be7 6. Bd3 c6 7. 0-0 0-0 8. c3 Re8 9. Ne5 Nxe5 10. dxe5 Nd7 11. Bf4 g6 12. Qg4 Bf8 13. Nf3 Bg7 14. h4 f6 15. exf6 Nxf6 16. Qg5 Nd7 17. h5 Qxg5 18. Nxg5 e5 19. Bg3 e4 20. Be2 h6 21. Nh3 g5 22. f4 exf3 23. Bxf3 Nf6 24. Nf2 Rxe3 25. Rae1 Rxe1 26. Rxe1 Bd7 27. Bd6 Re8 28. Rxe8+ Bxe8 29. g4 Bd7 30. Bb8 a6 31. Kg2 Be6 32. a3 Nd7 33. Bd6 d4 34. cxd4 Bxd4 35. Nd1 Nf6 36. Kg3 Bxg4 37. Bxg4 Ne4+ 38. Kf3 Nxd6 39. b4 Kg7 40. a4 Kf6 0-1

[Event "Miercurea Ciuc op"]
[Site "Miercurea Ciuc"]
[Date "1998.??.??"]
[Round "3"]
[White "Covlea, Vlad"]
[Black "Ionescu, Mihai"]
[Result "0-1"]
[WhiteElo "2225"]
[BlackElo "2260"]
[PlyCount "92"]
[EventDate "1998.08.??"]
[EventType "swiss"]
[EventRounds "9"]
[EventCountry "ROU"]
[SourceTitle "EXT 2000"]
[Source "ChessBase"]
[SourceDate "1999.11.16"]
[SourceVersion "1"]
[SourceVersionDate "1999.11.16"]
[SourceQuality "1"]

1. d4 d5 2. Nf3 e6 3. Bg5 Be7 4. Bxe7 Qxe7 5. c4 Nf6 6. Nc3 0-0 7. Qc2 c5 8. e3 b6 9. 0-0-0 Bb7 10. Kb1 Nbd7 11. cxd5 exd5 12. h4 Rac8 13. g4 Ne4 14. Ng5 Ndf6 15. Bd3 cxd4 16. exd4 h6 17. Ngxe4 dxe4 18. Be2 Nd5 19. Nxd5 Bxd5 20. Qa4 Qf6 21. g5 Qxf2 22. Qb5 Rfd8 23. Bg4 e3 24. Rhg1 a6 25. Qb4 a5 26. Qb5 Qc2+ 27. Ka1 Bc4 28. Qf5 Qxf5 29. Bxf5 Rc6 30. b3 Ba6 31. Rde1 e2 32. Bg4 Rxd4 33. Bxe2 Bxe2 34. Rxe2 Rxh4 35. Re8+ Kh7 36. Re7 Rg6 37. Rxf7 Rxg5 38. Rxg5 hxg5 39. Kb2 Rh6 40. Kc3 g4 41. Rf4 Rg6 42. Kd3 Kh6 43. Rf8 g3 44. Rh8+ Kg5 45. Ke2 Rf6 46. Rh1 Kg4 0-1

[Event "Centrocoop June op-A"]
[Site "Eforie Nord "]
[Date "1998.??.??"]
[Round "?"]
[White "Covlea, Vlad"]
[Black "Kozlitin, Oleg"]
[Result "1-0"]
[WhiteElo "2225"]
[BlackElo "2000"]
[PlyCount "75"]
[EventDate "1998.06.??"]
[EventType "swiss"]
[EventRounds "11"]
[EventCountry "ROU"]
[SourceTitle "EXT 2000"]
[Source "ChessBase"]
[SourceDate "1999.11.16"]
[SourceVersion "1"]
[SourceVersionDate "1999.11.16"]
[SourceQuality "1"]

1. d4 Nf6 2. c4 g6 3. Nc3 Bg7 4. e4 d6 5. f3 0-0 6. Bg5 c6 7. Qd2 e5 8. Nge2 Qa5 9. d5 cxd5 10. cxd5 Nbd7 11. Nc1 a6 12. a3 b5 13. b4 Qc7 14. Nb3 Nb6 15. Rc1 Qb8 16. Na5 Bd7 17. Bd3 Rc8 18. 0-0 Ra7 19. Ne2 Rac7 20. Rxc7 Rxc7 21. Rc1 Qc8 22. Rxc7 Qxc7 23. Qc1 Qxc1+ 24. Bxc1 Kf8 25. Nc3 Ng8 26. Be3 Na8 27. a4 bxa4 28. Bxa6 Bh6 29. Bxh6+ Nxh6 30. Nc4 Nc7 31. Bb7 Nb5 32. Nxa4 Ke7 33. Nab6 Be8 34. Nc8+ Kd8 35. N8xd6 Nxd6 36. Nxd6 Kc7 37. Nxe8+ Kxb7 38. Nf6 1-0

[Event "Bucharest Fest IM"]
[Site "Bucharest"]
[Date "1998.??.??"]
[Round "?"]
[White "Covlea, Vlad"]
[Black "Mateuta, Gabriel"]
[Result "1-0"]
[WhiteElo "2250"]
[BlackElo "2390"]
[PlyCount "77"]
[EventDate "1998.10.??"]
[EventType "tourn"]
[EventRounds "14"]
[EventCountry "ROU"]
[EventCategory "3"]
[SourceTitle "EXT 2000"]
[Source "ChessBase"]
[SourceDate "1999.11.16"]
[SourceVersion "1"]
[SourceVersionDate "1999.11.16"]
[SourceQuality "1"]

1. d4 e6 2. Nf3 c5 3. e3 Nf6 4. Bd3 b6 5. 0-0 Bb7 6. Nbd2 Be7 7. c3 0-0 8. a3 d5 9. Ne5 Nbd7 10. f4 Ne4 11. Qa4 Nxe5 12. dxe5 f5 13. exf6 Nxf6 14. Nf3 Bd6 15. Bd2 Kh8 16. Rad1 Qc7 17. Ng5 Rae8 18. Qc2 h6 19. Nf3 Ne4 20. Be1 e5 21. Bxe4 dxe4 22. Nh4 Kh7 23. f5 c4 24. g4 Bc5 25. Bf2 Rd8 26. Ng6 Rfe8 27. Rxd8 Rxd8 28. Rd1 Rd3 29. Re1 Bd5 30. Qa4 Bf7 31. Kh1 Qd6 32. h3 Rd2 33. Bg3 Rxb2 34. Rd1 Rd2 35. Re1 Rd5 36. Qxc4 Bxe3 37. Qc8 Bxg6 38. fxg6+ Kxg6 39. Qf5# 1-0

[Event "Centrocoop June op-A"]
[Site "Eforie Nord "]
[Date "1998.??.??"]
[Round "?"]
[White "Covlea, Vlad"]
[Black "Mirochnikov, Evgheni"]
[Result "1-0"]
[WhiteElo "2225"]
[BlackElo "2000"]
[PlyCount "89"]
[EventDate "1998.06.??"]
[EventType "swiss"]
[EventRounds "11"]
[EventCountry "ROU"]
[SourceTitle "EXT 2000"]
[Source "ChessBase"]
[SourceDate "1999.11.16"]
[SourceVersion "1"]
[SourceVersionDate "1999.11.16"]
[SourceQuality "1"]

1. d4 Nf6 2. c4 g6 3. Nc3 Bg7 4. e4 d6 5. f3 0-0 6. Bg5 Nc6 7. Nge2 a6 8. Qd2 Rb8 9. h4 h5 10. Nd5 b5 11. Nxf6+ exf6 12. Bh6 bxc4 13. Bxg7 Kxg7 14. Nc3 f5 15. 0-0-0 fxe4 16. g4 Rh8 17. gxh5 Rxh5 18. fxe4 Bg4 19. Be2 Bxe2 20. Qxe2 Rxh4 21. Rhf1 Qg5+ 22. Kb1 Rf4 23. Rxf4 Qxf4 24. Rf1 Qg5 25. Qxc4 Nd8 26. Qxc7 Qg2 27. Rxf7+ Nxf7 28. Qxb8 Qg1+ 29. Kc2 Qxd4 30. Qb7 Qc4 31. Qd5 Qxd5 32. Nxd5 g5 33. b4 Ne5 34. Nc7 Nc6 35. Nxa6 Kf6 36. Kd3 Ke5 37. b5 Na5 38. Nb4 Nb7 39. Ke3 Nc5 40. Nd3+ Ke6 41. Nxc5+ dxc5 42. b6 Kd7 43. e5 g4 44. e6+ Kxe6 45. b7 1-0

[Event "Bucharest Cup IM"]
[Site "Bucharest"]
[Date "1998.??.??"]
[Round "?"]
[White "Leskur, Dejan"]
[Black "Covlea, Vlad"]
[Result "1-0"]
[WhiteElo "2380"]
[BlackElo "2250"]
[PlyCount "61"]
[EventDate "1998.12.??"]
[EventType "tourn"]
[EventRounds "14"]
[EventCountry "ROU"]
[EventCategory "3"]
[SourceTitle "EXT 2000"]
[Source "ChessBase"]
[SourceDate "1999.11.16"]
[SourceVersion "1"]
[SourceVersionDate "1999.11.16"]
[SourceQuality "1"]

1. e4 d5 2. exd5 Nf6 3. d4 Nxd5 4. c4 Nb6 5. Nf3 g6 6. Nc3 Bg7 7. c5 Nd5 8. Bc4 c6 9. Qb3 0-0 10. h3 Nxc3 11. bxc3 b5 12. cxb6 axb6 13. Ng5 e6 14. 0-0 Ba6 15. Bxa6 Rxa6 16. Be3 b5 17. a4 bxa4 18. Rxa4 Rxa4 19. Qxa4 Qd5 20. c4 Qf5 21. Nf3 h5 22. Qa7 Bf6 23. Qc7 Kg7 24. Ne5 Bxe5 25. dxe5 Qd3 26. Ra1 Qd8 27. Ra7 Qxc7 28. Rxc7 g5 29. Bxg5 Kg6 30. Be7 Re8 31. Bd6 1-0

[Event "Bucharest Cup IM"]
[Site "Bucharest"]
[Date "1998.??.??"]
[Round "?"]
[White "Tugui, Adrian"]
[Black "Covlea, Vlad"]
[Result "1/2-1/2"]
[WhiteElo "2295"]
[BlackElo "2250"]
[PlyCount "100"]
[EventDate "1998.12.??"]
[EventType "tourn"]
[EventRounds "14"]
[EventCountry "ROU"]
[EventCategory "3"]
[SourceTitle "EXT 2000"]
[Source "ChessBase"]
[SourceDate "1999.11.16"]
[SourceVersion "1"]
[SourceVersionDate "1999.11.16"]
[SourceQuality "1"]

1. d4 e6 2. c4 f5 3. g3 Nf6 4. Bg2 c6 5. Nf3 d5 6. 0-0 Bd6 7. b3 Qe7 8. Bb2 0-0 9. Qc1 b6 10. Ba3 Bb7 11. Bxd6 Qxd6 12. Qa3 Qxa3 13. Nxa3 Nbd7 14. Rac1 Rfe8 15. Rfd1 Rac8 16. e3 g6 17. Nb1 Ne4 18. Ne5 Nxe5 19. dxe5 Nc5 20. Bf1 Red8 21. b4 Nd7 22. cxd5 exd5 23. f4 Nf8 24. Nc3 Ne6 25. b5 c5 26. Bg2 Nc7 27. Rd2 Rd7 28. Rcd1 Rcd8 29. a4 Kf7 30. g4 Ke6 31. Bh3 d4 32. gxf5+ gxf5 33. e4 Rg7+ 34. Kf2 Rdg8 35. exf5+ Kf7 36. Re2 dxc3 37. f6 Rg2+ 38. Bxg2 Rxg2+ 39. Kf1 Rxe2 40. Rd7+ Ke8 41. Re7+ Kf8 42. Kxe2 Bf3+ 43. Kxf3 c2 44. Rxc7 c1Q 45. Ke4 Qc2+ 46. Kd5 Qd1+ 47. Ke6 Qb3+ 48. Kd6 Qd3+ 49. Ke6 Qc4+ 50. Kf5 Qc2+ 1/2-1/2

[Event "Bucharest op"]
[Site "Bucharest"]
[Date "1995.??.??"]
[Round "?"]
[White "Covlea, Vlad"]
[Black "Baciu, Stefan"]
[Result "1-0"]
[WhiteElo "2190"]
[BlackElo "2255"]
[PlyCount "81"]
[EventDate "1995.??.??"]
[EventType "swiss"]
[EventRounds "9"]
[EventCountry "ROU"]
[SourceTitle "EXT 2002"]
[Source "ChessBase"]
[SourceDate "2001.11.25"]
[SourceVersion "1"]
[SourceVersionDate "2001.11.25"]
[SourceQuality "1"]

1. d4 Nf6 2. c4 e6 3. Nc3 d5 4. Bg5 Be7 5. Nf3 0-0 6. Qc2 Nbd7 7. e3 Re8 8. 0-0-0 a6 9. g4 c6 10. Bxf6 Bxf6 11. h4 b5 12. g5 Be7 13. Bd3 Nf8 14. c5 f5 15. gxf6 Bxf6 16. Ng5 g6 17. f4 Re7 18. Nf3 Bd7 19. Rdg1 Be8 20. Nd1 Rg7 21. Nf2 a5 22. Ng4 Raa7 23. Rh2 Kh8 24. Qf2 Nd7 25. Rhg2 Be7 26. Bc2 a4 27. h5 Nf8 28. Nge5 Bf6 29. hxg6 a3 30. b4 hxg6 31. Nxg6+ Nxg6 32. Bxg6 Bxg6 33. Rxg6 Rxg6 34. Rxg6 Rg7 35. Rxg7 Kxg7 36. Qg3+ Kf7 37. Ng5+ Bxg5 38. fxg5 Qh8 39. g6+ Kg8 40. Qb8+ Kg7 41. Qe5+ 1-0

[Event "Bucharest op"]
[Site "Bucharest"]
[Date "1995.??.??"]
[Round "?"]
[White "Covlea, Vlad"]
[Black "Vajda, Albert"]
[Result "1-0"]
[WhiteElo "2190"]
[BlackElo "2325"]
[PlyCount "47"]
[EventDate "1995.??.??"]
[EventType "swiss"]
[EventRounds "9"]
[EventCountry "ROU"]
[SourceTitle "EXT 2002"]
[Source "ChessBase"]
[SourceDate "2001.11.25"]
[SourceVersion "1"]
[SourceVersionDate "2001.11.25"]
[SourceQuality "1"]

1. d4 Nf6 2. c4 c5 3. d5 b5 4. Nd2 Qa5 5. b4 Qxb4 6. Rb1 Qa4 7. Rxb5 Qxd1+ 8. Kxd1 d6 9. e4 g6 10. h3 Bg7 11. e5 dxe5 12. Rxc5 0-0 13. Ba3 Rd8 14. Ngf3 e6 15. d6 Bf8 16. Nxe5 Na6 17. Rc6 Bb7 18. c5 Nxc5 19. Bxc5 Bxc6 20. Nxc6 Rdc8 21. Bb5 a6 22. Ba4 Nd7 23. Ne7+ Bxe7 24. Bxd7 1-0

[Event "Bucharest op"]
[Site "Bucharest"]
[Date "1995.??.??"]
[Round "?"]
[White "Florescu, Codrut Constantin"]
[Black "Covlea, Vlad"]
[Result "1-0"]
[WhiteElo "2330"]
[BlackElo "2190"]
[PlyCount "35"]
[EventDate "1995.??.??"]
[EventType "swiss"]
[EventRounds "9"]
[EventCountry "ROU"]
[SourceTitle "EXT 2002"]
[Source "ChessBase"]
[SourceDate "2001.11.25"]
[SourceVersion "1"]
[SourceVersionDate "2001.11.25"]
[SourceQuality "1"]

1. d4 c5 2. d5 f5 3. Nf3 Nf6 4. Nc3 d6 5. Ng5 g6 6. e4 fxe4 7. Bb5+ Bd7 8. Ne6 Qc8 9. Qe2 a6 10. Bxd7+ Qxd7 11. Bg5 h6 12. Bxf6 exf6 13. Qxe4 Kf7 14. g4 Be7 15. 0-0-0 b5 16. h4 Nc6 17. Nxc5 dxc5 18. dxc6 1-0